| 000 | 00428nam a22001817a 4500 | ||
|---|---|---|---|
| 003 | CEME | ||
| 005 | 20210628202544.0 | ||
| 008 | 210316b xxu||||| |||| 00| 0 eng d | ||
| 020 | _a0-201-87761-9 | ||
| 040 | _c. | ||
| 082 | _a510.07 JAM'M | ||
| 100 |
_aJames, Glyn _939249 |
||
| 245 | _aModern engineering mathematics | ||
| 250 | _a2ND | ||
| 260 |
_aNEWYORK _bADDISON - WESLEY _c1996 |
||
| 300 | _a954P | ||
| 942 |
_cBK _2ddc |
||
| 999 |
_c570178 _d570178 |
||